An Introduction to Sanskrit (Record no. 19973)

MARC details
000 -LEADER
fixed length control field 00313nam a22001337a 4500
020 ## - INTERNATIONAL STANDARD BOOK NUMBER
ISBN 9788171100835
082 ## - DEWEY DECIMAL CLASSIFICATION NUMBER
Classification number 491.25 MIS
100 ## - MAIN ENTRY--AUTHOR NAME
Author name Mishra, Madhusudan
245 ## - TITLE STATEMENT
Title An Introduction to Sanskrit
260 ## - PUBLICATION, DISTRIBUTION, ETC. (IMPRINT)
Place of publication Delhi
Name of publisher Parimal Publications
Year of publication 2012
300 ## - PHYSICAL DESCRIPTION
Number of Pages 384
650 ## - SUBJECT ADDED ENTRY--TOPICAL TERM
Topical Term Sanskrit Grammar
942 ## - ADDED ENTRY ELEMENTS (KOHA)
Koha item type Books
Holdings
Home library Current library Date acquired Source of acquisition Cost, normal purchase price Full call number Accession Number Koha item type
Henry Martyn Institute Library Henry Martyn Institute Library 03/10/2016 kohinoor Book pub. 350.00 491.25 MIS 25052 Books
                   Copyright © 2026 | Henry Martyn Institute | Hyderabad | TS-500052 | INDIA | Implemented by hmi.edu.in
Hit-Count:

Powered by Koha